| 000 -LEADER |
| fixed length control field |
00905cam a2200181 a 4500 |
| 020 ## - INTERNATIONAL STANDARD BOOK NUMBER |
| ISBN |
0803104626 |
| 040 ## - CATALOGING SOURCE |
| Transcribing agency |
DLC |
| 082 00 - DEWEY DECIMAL CLASSIFICATION NUMBER |
| Classification number |
617 AST 1986 A045 Or. |
| 245 00 - TITLE STATEMENT |
| Title |
Vascular graft update : |
| Remainder of title |
safety and performance. |
| 260 ## - PUBLICATION, DISTRIBUTION, ETC. (IMPRINT) |
| Place of publication |
Philadelphia, PA : |
| Name of publisher |
ASTM, |
| Year of publication |
c1986. |
| 300 ## - PHYSICAL DESCRIPTION |
| Number of Pages |
349 p. : |
| Other physical details |
ill. ; |
| Dimensions |
24 cm. |
| 500 ## - GENERAL NOTE |
| General note |
"Sponsored by ASTM Committee F-4 on Medical and Surgical Materials and Devices and Subcommittee F04.04 on Cardiovascular Implants and Materials, Food and Drug Administration, International Center for Artificial Organs and Transplantation, and Department of Health and Human Services; Colonial Williamsburg, Williamsburg, Virginia, 27-28 November 1984." |
| 500 ## - GENERAL NOTE |
| General note |
"ASTM publication code number (PCN) 04-898000-54." |
| 650 #0 - SUBJECT ADDED ENTRY--TOPICAL TERM |
| Topical Term |
Vascular grafts |
| 650 #0 - SUBJECT ADDED ENTRY--TOPICAL TERM |
| Topical Term |
Blood vessel prosthesis |
| 710 2# - ADDED ENTRY--CORPORATE NAME |
| Corporate name or jurisdiction name as entry element |
ASTM Committee F-4 on Medical and Surgical Materials and Devices. |
| 942 ## - ADDED ENTRY ELEMENTS (KOHA) |
| Koha item type |
សៀវភៅភាសាអង់គ្លេស |
| 952 ## - LOCATION AND ITEM INFORMATION (KOHA) |
| Withdrawn status [LOCAL, KOHA] |
0 |